Music Quiz

Random Music or Lyrics Quiz

Songs With Hearts Quiz Stats

 Plays Quiz not verified by Sporcle

Score 0/33 Timer 10:00
0 Plays Today
% Correct
Hey Jude
78.8%
Rolling In The Deep
74.5%
Every Breath You Take
74.2%
Free Fallin'
60.7%
Bleeding Love
50.8%
Landslide
46.9%
Teenage Dream
45.7%
Only Girl (In The World)
44.9%
I Walk The Line
44.6%
Because Of You
43.9%
Torn
42.3%
She Will Be Loved
34.9%
Beautiful Day
34.4%
Solsbury Hill
33.4%
Apologize
31.9%
In Your Eyes
31.1%
Breakeven
30.1%
% Correct
Wild World
29.1%
Don't Dream It's Over
26.3%
Zombie
25.8%
Don't Know Why
24%
Wherever You Will Go
23.2%
Two Out Of Three Ain't Bad
21.2%
Stuck Like Glue
18.9%
It's Only Rock 'N' Roll
18.6%
Come On Get Higher
18.1%
Don't Think Twice It's All Right
17.6%
Sacrifice
16.6%
Secret Garden
16.1%
Fool In The Rain
13.5%
Suite: Judy Blue Eyes
12%
Who Are You
11%
Catch The Wind
6.4%

You're not logged in!

Compare scores with friends on all Sporcle quizzes.
OR
Log In

You Might Also Like...

Show Comments

Extras

Top Quizzes Today


Score Distribution

Your Account Isn't Verified!

In order to create a playlist on Sporcle, you need to verify the email address you used during registration. Go to your Sporcle Settings to finish the process.

Report this User

Report this user for behavior that violates our Community Guidelines.

Details: